Presvedčivou výchovou chytiť za srdce

Bibliographic Details
Main Authors: Šavel, Karol (Author), Petro, František (Author)
Format: Article
Language:Slovak
PhysicalDescription:Obr. 1.
Subjects:

MARC

LEADER 00000nab a2200000 a 4500
001 vtls000146107
003 SK-MaSNL
005 20260305005646.0
008 111104c1983 xo 0 slo
015 |a SNBRB19rr/mm-uuuuu 
035 |a CL0156214 
040 |a SNKBUCL  |b slo  |c SNKBUCL  |e AACR2 
041 0 |a slo 
044 |a xo  |c SK 
080 |a 37.035  |2 1981 
080 |a 329.71  |2 1981 
080 |a 329.78(437)SZM  |2 1981 
100 1 |a Šavel, Karol  |4 aut  |9 532780 
245 1 0 |a Presvedčivou výchovou chytiť za srdce  |c Karol Šavel, František Petro 
300 |b Obr. 1. 
610 2 7 |a Socialistický zväz mládeže  |2 snkbucl  |9 51618 
650 0 7 |a mládež  |2 snkbucl  |9 1575 
650 0 7 |a výchova internacionálna  |2 snkbucl  |9 929381 
650 0 7 |a ZČSSP  |2 snkbucl  |9 428307 
655 7 |a články z novín a časopisov  |2 snkbucl  |9 267496 
700 1 |a Petro, František  |4 aut  |9 5281 
773 0 |t Smena  |g Roč. 36, č. 121 (25. 5. 1983), s. 4 
850 |a Slovenská národná knižnica v Martine  |a MTA001 
852 |a SNK  |b KIS3GCP 
958 |a RK 
992 |a RBX 
999 |c 3241746  |d 3243676